00237nam a2200085Ia 4500008004100000100002800041245004400069260001800113650002000131190216s9999||||xx |||||||||||||| ||und|| aMorkothu Kumaran  0aAshan Vimarshanathinde Soorya Reshmigal bCurrent Books aEssay Malayalam